00464 2200193 4500001002100000005001500021035002000036007000300056008004100059020001800100082001200118084001800130100003000148245001300178260004400191856001700235990000900252990000900261INLIS00000000000121420221025100706 a0010-1022000165ta221025 g 0 ind  a9786028225106 a621.388 a621.388 TIM t0 aTim bina sumber daya mipa1 aTelevisi aJakarta :bBina sumber daya mipa,c2008 aKoleksi Umum a2452 a2453